ბათუმის შოთა რუსთაველის სახელმწიფო უნივერსიტეტის ბიბლიოთეკა

jml : (ბიბ.ჩანაწერი № 59310)

000 -LEADER
fixed length control field 00931nam a22002057a 4500
005 - DATE AND TIME OF LATEST TRANSACTION
control field 20230117101406.0
008 - FIXED-LENGTH DATA ELEMENTS--GENERAL INFORMATION
fixed length control field 230117c2021 enk||||| |||| 00| 0 eng d
041 ## - LANGUAGE CODE
Language code of text/sound track or separate title eng
245 ## - TITLE STATEMENT
Title jml :
Remainder of title Journal of Modern Literature. 2021 /
Statement of responsibility, etc. Editors: Robert L. Caserio, Paula Marantz Cohen, Janet Lyon, Daniel T. O'Hara, Jean-Michel Rabaté and Jennifer Yusin.
260 ## - PUBLICATION, DISTRIBUTION, ETC.
Place of publication, distribution, etc. USA ,
Date of publication, distribution, etc. 2021.
300 ## - PHYSICAL DESCRIPTION
Extent V.
Other physical details 259 cm.
653 ## - INDEX TERM--UNCONTROLLED
Uncontrolled term თანამედროვე ლიტერატურის ჟურნალი
653 ## - INDEX TERM--UNCONTROLLED
Uncontrolled term პერიოდიკა
700 ## - ADDED ENTRY--PERSONAL NAME
Personal name Caserio, Robert L
Relator term რედაქტორი
9 (RLIN) 16698
700 ## - ADDED ENTRY--PERSONAL NAME
Personal name Cohen, Paula Marantz
Relator term რედაქტორი
9 (RLIN) 3214
700 ## - ADDED ENTRY--PERSONAL NAME
Personal name Janet Lyon, Daniel T
Relator term რედაქტორი
9 (RLIN) 3215
700 ## - ADDED ENTRY--PERSONAL NAME
Personal name O'Hara, Jean-Michel Rabaté
Relator term რედაქტორი
9 (RLIN) 3216
700 ## - ADDED ENTRY--PERSONAL NAME
Personal name Yusin, Jennifer
Relator term რედაქტორი
9 (RLIN) 3217
942 ## - ADDED ENTRY ELEMENTS (KOHA)
Source of classification or shelving scheme
Koha item type პერიოდიკა
ეგზემპლარები
Withdrawn status Lost status Source of classification or shelving scheme Damaged status Not for loan Permanent Location Current Location Shelving location Date acquired Serial Enumeration / chronology Barcode Date last seen Copy number Price effective from Koha item type
          ბათუმის შოთა რუსთაველის სახელმწიფო უნივერსიტეტის მთავარი ბიბლიოთეკა ბათუმის შოთა რუსთაველის სახელმწიფო უნივერსიტეტის მთავარი ბიბლიოთეკა წიგნსაცავი 2023-01-17 Volume 45, Number (1), (2021) 80973 პერ. 2023-01-17 80973 2023-01-17 პერიოდიკა